|
|
|
|
| LEADER |
01111nam a2200373 4500 |
| 001 |
DLU030024799 |
| 005 |
##19980312150132.4 |
| 008 |
##970930s1998 txua 001 0 eng |
| 010 |
# |
# |
|a 96080089
|
| 020 |
# |
# |
|a 0030244188
|
| 035 |
# |
# |
|9 (DLC) 96080089
|
| 040 |
# |
# |
|a DLC
|c DLC
|d DLC
|
| 050 |
# |
# |
|a HG4026
|b .B6693 1998
|
| 082 |
# |
# |
|a 658.15
|b BR-E
|
| 100 |
# |
# |
|a Brigham, Eugene F.,
|d 1930-
|
| 245 |
# |
# |
|a Fundamentals of financial management /
|c Eugene F. Brigham, Joel F. Houston.
|
| 250 |
# |
# |
|a 8th ed.
|
| 260 |
# |
# |
|a Fort Worth :
|b Dryden Press,
|c c1998.
|
| 300 |
# |
# |
|a xxvii, 898 p. :
|b ill. (some col.) ;
|c 24 cm.
|
| 440 |
# |
# |
|a The Dryden Press series in finance
|
| 500 |
# |
# |
|a Financial tables inserted.
|
| 500 |
# |
# |
|a Includes index.
|
| 650 |
# |
# |
|a Corporations
|x Finance.
|
| 700 |
# |
# |
|a Houston, Joel F.
|
| 856 |
# |
# |
|3 Table of contents
|u http://lcweb.loc.gov/catdir/toc/96-80089.html
|2 http
|
| 992 |
# |
# |
|a 37000
|
| 994 |
# |
# |
|a DLU
|
| 900 |
# |
# |
|a True
|
| 911 |
# |
# |
|a Lê Thị Mạnh Xuân
|
| 925 |
# |
# |
|a G
|
| 926 |
# |
# |
|a A
|
| 927 |
# |
# |
|a SH
|
| 980 |
# |
# |
|a Thư viện Trường Đại học Đà Lạt
|